|
|
|
|
| LEADER |
00000cam a2200000 a 4500 |
| 001 |
MED-488 |
| 005 |
20230308195107.0 |
| 008 |
979111|1979 ||||||||r|||||||||||spa|| |
| 040 |
|
|
|b spa
|
| 041 |
0 |
|
|a Español
|
| 245 |
|
|
|a Evaluación clínica de la hipertensión arterial en enfermedades renales
|c Carlos Huiracocha M., Thelmo Pesántez M. y Franklin Loaiza. Director Kléber Álvarez Mosquera
|h dact
|
| 264 |
|
|
|a Cuenca
|c 1979
|
| 300 |
|
|
|a 40 páginas:
|b tab
|c 31 cm
|
| 502 |
|
|
|a Doctor en Medicina y Cirugía
|b Universidad de Cuenca
|c med
|d Alvarez Mosquera, Kleber, dir.
|e 59
|
| 504 |
|
|
|a incl. ref.
|
| 650 |
|
4 |
|a Nefrología
|9 21343
|
| 650 |
|
|
|a Hipertension renovascular
|9 158294
|
| 700 |
1 |
|
|a Huiracocha M., Carlos
|9 158295
|
| 700 |
1 |
|
|a Pesántez M., Thelmo
|9 158296
|
| 700 |
1 |
|
|a Loaiza, Franklin
|9 158297
|
| 852 |
|
|
|a UC-SALUD
|c ESTANTERIA CERRADA
|f Donación
|k mariana.feican
|l 1
|m Limitada
|p 19791119
|q 20,00
|t MED-488
|v med
|w MEDICINA
|y 18122
|b 1
|d CDRS
|e CDRS
|g ESTANTERIA CERRADA
|z 1979-91-11
|
| 942 |
|
|
|c TS
|
| 999 |
|
|
|c 88221
|d 88221
|